000
00264nam a22001217a 4500
082
_a
823
_b
PAI/V
100
_a
PAI, ANAND
245
_a
VALMIKI'S RAMAYANA
260
_a
BOMBAY
_b
INDIA BOOK HOUSE
_c
1997
300
_a
95
650
_a
ENGLISH STORY
_z
INDIA
942
_c
BK
999
_c
7437
_d
7437